Luz, láser y óptica
Saved in:
| 主要作者: | |
|---|---|
| 格式: | 圖書 |
| 語言: | 西班牙语 |
| 出版: |
Madrid
McGraw-Hill
1992
|
| 版: | 1a. ed |
| 叢編: | Serie McGraw-Hill de Divulgación Científica
|
| 主題: | |
| 標簽: |
添加標簽
沒有標簽, 成為第一個標記此記錄!
|
MARC
| LEADER | 00000nam a2200000 a 4500 | ||
|---|---|---|---|
| 001 | UCK7860 | ||
| 003 | CL-VaPUC | ||
| 008 | 051230e19920000SP |||||||||||||||||spa|d | ||
| 020 | |a 847615769X | ||
| 082 | 0 | 4 | |a 535 |b MAU |2 21 |
| 100 | |a Mauldin, John H. |e autor |9 497532 | ||
| 245 | 1 | 0 | |a Luz, láser y óptica |
| 250 | |a 1a. ed | ||
| 300 | |a 390 p | ||
| 942 | |c BK | ||
| 945 | |d 20051230 00:00:00 |a cmena | ||
| 260 | |a Madrid |b McGraw-Hill |c 1992 | ||
| 650 | 0 | |a Luz |9 263172 | |
| 650 | 0 | |a Optica |9 263171 | |
| 650 | 0 | |a Propagación de ondas |9 263256 | |
| 650 | 0 | |a Electromagnetismo |9 260123 | |
| 650 | 7 | |a DIFRACCION |2 CL-VaPUC |9 354948 | |
| 650 | 0 | |a Polarización |9 354950 | |
| 583 | |a last modification |c 20051230 00:00:00 |k Rodrigo Vera | ||
| 490 | 0 | |a Serie McGraw-Hill de Divulgación Científica | |
| 999 | |c 315699 |d 315697 | ||